| 000 | 00346nam a2200133Ia 4500 | ||
|---|---|---|---|
| 005 | 20260328104326.0 | ||
| 008 | 260328s9999||||xx |||||||||||||| ||und|| | ||
| 100 | _aPignatari, Décio | ||
| 245 | 0 |
_aSemiótica del Arte y de la Arquitectura / _cDécio Pignatari |
|
| 260 | _bGustavo Gili | ||
| 300 | _a147 p. | ||
| 650 | _aSEMIOTICA | ||
| 942 | _cBK | ||
| 999 |
_c11537 _d11537 |
||